000 01315nam0a2200373 4500
001 RU\NLR\BIBL_A\012755647
005 20220513133255.0
010 _a978-5-17-137900-1
_95000
021 _aRU
_bКН-П-21-093789
_9КН-П-21-7489
035 _a(NLR Aleph) 012755647
090 _a13046065
_c13046065
100 _a20220408d2022 u y0rusy50 ca
101 1 _arus
_ceng
102 _aRU
105 _ay z 000ay
181 0 _ai4
_baxxe
182 0 _an
200 1 _aПоследний секрет
_e[роман]
_fА. Р. Торре
_gперевод с английского Яновской Анастасии
203 _aТекст
_bвизуальный
_cнепосредственный
210 _aМосква
_cАСТ
_d2022 [т. е. 2021]
215 _d21
225 1 _aТриллер-головоломка
225 1 _aГоловоломка
225 1 _aAmazon charts Bestseller
300 _aКн. фактически издана в 2021 г.
333 _a16+
686 1 _aШ6(7США)67-446{Лх1979-60}
700 1 _7ca
_8rus
_aТорре
_bА. Р.
_9242255
_3RU\NLR\AUTH\770242311
942 _cBOOK
980 _aNB